La Agricultura centroamericana en los ochenta /

Guardat en:
Dades bibliogràfiques
Autor principal: Baumeister, Eduardo
Format: Text
Etiquetes: Afegir etiqueta
Sense etiquetes, Sigues el primer a etiquetar aquest registre!

MARC

LEADER 00000 a a2200000 04500
001 12737
003
040
100 |a Baumeister, Eduardo  
245 |a La Agricultura centroamericana en los ochenta /  |c Eduardo Baumeister 
773 |g número 13; páginas 53-79  
999 |c 39034  |d 39034